000 01010nam a2200277 i 4500
001 6595
003 ES-MaACL
005 20230906145016.0
007 t|
008 900117s1988 sp ||||1| spa d
020 _a84-86852-72-2
080 _a371.91/92:301
245 0 4 _aLas Personas con minusvalia en España. Necesidades y demandas /
_cInstituto IDES, Instituto Nacional de Servicios Sociales.
250 _a1a ed.
260 _aMadrid :
_bMinisterio de Asuntos Sociales, Instituto Nacional de Servicios Sociales,
_c1988.
300 _aXIII, 250, [9] p. ;
_c22 cm.
490 1 _aServicios sociales ;
_v6
500 _aIndice.
500 _aApendice con el cuestionario utilizado en la investigacion.
650 1 4 _aMinusválidos-
_zEspaña.
_915071
710 2 _aInstituto IDES (España)
_95093
710 2 _aInstituto Nacional de Servicios Sociales (España)
_95189
830 0 _aServicios sociales ;
_v6
_9178582
852 _aES-MaACL
_jL-13792
_bR.117177
_z. - rust.
999 _c6595
_d6595